Statistiques concernant Iles partagées entre plusieurs pays

Cliquez ici pour prendre le quiz!

Statistiques générales

  • Ce quiz a été pris 154 fois
  • Le résultat moyen est 10 sur 11

Statistiques - réponses

Réponse% Correct
Royaume-Uni
100%
Indonésie
99%
Irlande
99%
Papouasie-Nouvelle-Guinée
94%
Malaisie
93%
Argentine
89%
Chili
89%
Brunei
88%
Haïti
87%
Timor Oriental
87%
République Dominicaine
86%

Distribution des résultats

Percentile par nombre de réponses

% des personnes avec chaque résultat

Votre développement - résultats

Vous n’avez pas pris ce quiz